000 00934nas a2200301 4500
001 BR2013010104
003 BR-BrBNA
005 20231205123401.0
007 ta
008 230509b bl.|||p| |||| 00| 00por d
040 _aBR-BrBNA
_bpor
_cBiblioteca Nacional de Agricultura
041 _a(Pt)
072 _aK50
100 1 _aGarcia, F.M.
100 1 _aManfio,m D.R.
100 1 _aSansígolo, C.A.
100 1 _aMagalhães, P.A.D.
245 1 _aRendimento no desdobro de toras de itaúba (Mezilaurus itauba)e tauari (Couratari guianensis)segundo a classificação da qualidade da tora
650 _aTAUARI
650 _aITAUBA
650 _aTORA
650 _aRENDIMENTO
650 _aMATÉRIA-PRIMA
650 _aTAXONOMIA VEGETAL
773 0 _tFloresta e Ambiente (Brazil)
_xISSN 1415-0980
_g(Oct-Dec 2012), v. 19(4) p. 468-474
_wBR2013010104
909 _a202311
_bLúcia
_c55
_dLúcia Elande
942 _2AGRIS
_n0
_cANA
999 _c233604
_d233604